000 01302nam a2200337Ia 4500
001 ebr5001337
003 CaPaEBR
006 m u
007 cr cn|||||||||
008 000412s2000 enka sb 001 0 eng d
010 _z 00030593
020 _z041523512X (pbk.)
040 _aCaPaEBR
_cCaPaEBR
035 _a(OCoLC)48140091
050 1 4 _aLB1028.5
_b.K433 2000eb
100 1 _aKennewell, Steve,
_d1949-
245 1 0 _aDeveloping the ICT capable school
_h[electronic resource] /
_cSteve Kennewell, John Parkinson, and Howard Tanner.
260 _aLondon ;
_aNew York :
_bRoutledgeFalmer,
_c2000.
300 _a186 p. :
_bill.
504 _aIncludes bibliographical references and index.
533 _aElectronic reproduction.
_bPalo Alto, Calif. :
_cebrary,
_d2013.
_nAvailable via World Wide Web.
_nAccess may be limited to ebrary affiliated libraries.
546 _aEnglish.
650 0 _aComputer-assisted instruction.
650 0 _aInformation technology.
650 0 _aEducational innovations.
655 7 _aElectronic books.
_2local
700 1 _aParkinson, John,
_d1947-
700 1 _aTanner, Howard,
_d1951-
710 2 _aebrary, Inc.
856 4 0 _uhttp://site.ebrary.com/lib/rucke/Doc?id=5001337
_zAn electronic book accessible through the World Wide Web; click to view
999 _c1152
_d1152